| 000 | 01105nab a22002057a 4500 | ||
|---|---|---|---|
| 999 |
_c5966 _d5966 |
||
| 003 | OSt | ||
| 005 | 20260114141122.0 | ||
| 008 | 190605e xxu||||| |||| 00| 0 spa d | ||
| 040 | _cPJ | ||
| 100 |
_96803 _aMonsalvo, Manuel R. |
||
| 245 | 1 | 3 |
_aApuntes acerca de los efectos temporales de la ley 27.742 / _cManuel R. Monsalvo. |
| 260 |
_aCiudad Autónoma de Buenos Aires : _bThomson Reuters La Ley, _c2024. |
||
| 300 | _ap. 72-80 | ||
| 500 | _aCita: TR LALEY AR/DOC/2627/2024. | ||
| 505 | _aSumario: I. En clave de cambio.— II. La transición reglamentaria que plantea la ley 27.742.— III. Las fases del desarrollo.— IV. Los dirimentes de aplicación.— V. La retroactividad de la nueva norma. Sus límites.— VI. Repertorio de Criterios Resolutivos.— VII. Cierre de los apuntes. | ||
| 505 | _t¿Te interesa el texto completo? Solicitalo al correo: koha@justierradelfuego.gov.ar | ||
| 650 | 0 |
_91316 _aDERECHO LABORAL |
|
| 773 | 0 |
_02711 _93168 _dCiudad Autónoma de Buenos Aires : Thomson Reuters La Ley, 1999-2002. _tRevista de derecho del trabajo. Nº 6 - Noviembre 2024 |
|
| 942 |
_2udc _cANA |
||